| 000 | 01729cam a22004574i 4500 | ||
|---|---|---|---|
| 003 | PE-LiUPU | ||
| 005 | 20250731173014.0 | ||
| 008 | 150623s r 000 0 d | ||
| 020 | _a0687165628 | ||
| 035 | _a(Sirsi) i9780687165629 | ||
| 040 |
_aPE-LiUPU _bspa _cPE-LiUPU _erda |
||
| 049 | _aPRUA | ||
| 082 | 0 | 4 |
_a254.02 _bH42 _221 |
| 100 | 1 |
_aJackson W. Carroll, Carl S. Dudley y William McKinney, eds., _eautor. |
|
| 245 | 1 | 0 |
_aHandbook for congregational studies / _ceditado por Jackson W. Carroll, Carl S. Dudley, y William McKinney ; contribuyentes, Jackson W. Carroll .. [et al.]. |
| 264 | 1 |
_aNashville, TN : _bAbingdon Press, _c1986. |
|
| 300 |
_a192 páginas : _bilustraciones, cuadros ; _c24 centímetros |
||
| 336 |
_atext _2rdacontent |
||
| 337 |
_aunmediated _2rdamedia |
||
| 338 |
_avolume _2rdacarrier |
||
| 504 | _aIncluye bibliografía. | ||
| 505 | 0 | _aAn invitation to congregational studies. -Identity. -Context. -Process. -Program. -Methods for congregational studies. -Afterword: the double challenge. | |
| 526 | _aSEG42 | ||
| 526 | _aSEG41 | ||
| 526 | _aSEG40 | ||
| 526 | _aSEG39 | ||
| 526 | _aP94 | ||
| 526 | _aP87 | ||
| 526 | _aP86 | ||
| 526 | _aP85 | ||
| 526 | _aP77 | ||
| 526 | _aP76 | ||
| 526 | _aP35 | ||
| 650 | 0 | 4 |
_aAdministración de iglesias _vManuales. |
| 942 |
_2ddc _cBOOK |
||
| 949 |
_a254.02 H42 _wDEWEY _c1 _i47241 _lCCODEBUL1 _mBUL _r0 _sY _tBOOK _u2015-6-24 _xTEOLOGIA _PP35 _0COMPRA _o.STAFF. Colección General |
||
| 994 |
_aC0 _bPEPRU |
||
| 596 | _a1 | ||
| 999 |
_a254.02 H42 _wDEWEY _c23792 _i47241 _f2021-11-10 _g5 _lCCODEBUL1 _mBUL _r0 _sY _tBOOK _u2015-6-24 _xTEOLOGIA _PP35 _0COMPRA _o.STAFF. Colección General _d23792 |
||
| 980 |
_81 _gALBERTO SANCHEZ Responsable de Automatización |
||